000 00979nam a2200265Ia 4500
003 OSt
005 20220923211157.0
006 a|||||r|||| 00| 0
007 ta
008 220922b |||||||| |||| 00| 0 pan d
020 _a8187762608
_c450
024 _a260,590
037 _b530, 02/12/2011, H.K. Prakashan
_cTextual
040 _aARTS
_cARTS
_bpan
041 _2pan
_apan
082 _aO153,1:g, P7
100 _aਬਲਜਿੰਦਰ ਪਾਲ
_9159179
245 0 _aਪ੍ਰਗਤੀਵਾਦੀ ਪੰਜਾਬੀ ਕਵਿਤਾ ਦਾ ਸੁਹਜ Fਾਸਤਰੀ ਅਧਿਐਨ
260 _aਦਿੱਲੀ
_b ਐੱਚ ਕੇ ਪ੍ਰਕਾFਨ
_c2007
300 _a368ਪੰ
_ccm.
650 _a ਕਾਵਿ ਪੰਜਾਬੀ ਅਲੋਚਨਾ
_9159180
650 _aਪੰਜਾਬੀ ਸਾਹਿਤ
942 _hO153,1:g, P7
_cTEXL
_2CC
999 _c296363
_d296363